• 首页
  • 本馆介绍
  • 公告通知
  • 最新文献
  • 馆藏检索
  • 电子资源
  • 读者导购
  • 参考咨询
  • 我的图书馆
  • 登录
  • 详细信息显示
  • 放入我的书架
  • 预约/预借图书
  • 作者相关作品
  • 分类相关作品
  • 丛书相关作品
  • 出版社相关作品

书目信息

  • 表格格式
  • 工作单格式
  • 卡片格式
题名:
汉语方言的连续变调模式
    
 
作者: Chen Matthew Y. 著 ;王嘉龄 导读
分册:  
出版信息: 北京   外语教学与研究出版社  2004
页数: 46,563页
开本: 23cm
丛书名: 当代国外语言学与应用语言学文库
单 册:
中图分类: H17
科图分类:
主题词: 汉语方言 , 汉语方言--变调--研究--英文
电子资源:
ISBN: 7-5600-2387-8
000 01171nam0 2200313 450
000 01183nam0 2200313 450
000 01117nam0 2200289 450
000 01081oam2 2200277 45
005 20070802170110.23
010    @a7-5600-2387-8@dCNY49.90
100    @a20070730d2004 em y0chiy0120 ea
101 1  @achi@ceng
102    @aCN@b110000
105    @ay z 000yy
200 1  @a汉语方言的连续变调模式@AHan Yu Fang Yan De Lian Xu Bian Diao Mo Shi@e英文版@EYing Wen Ban@fMatthew Y.Chen著@FMatthew Y.Chen Zhu@g王嘉龄导读
210    @a北京@c外语教学与研究出版社@d2004
215    @a46,563页@d23cm
225 2  @a当代国外语言学与应用语言学文库
305    @a剑桥大学出版社授权出版
330    @a本书共十一章,介绍了汉语声调的一些不同的表达式和汉语声调的类型,变调过程的实施和变调过程之间的交互作用,连续变调的辖域问题等内容。
410  0 @12001 @a当代国外语言学与应用语言学文库
510 1  @aTone Sandhi : Patterns Across Chinese Dialects@zeng
606 0  @a汉语方言
606 0  @a汉语方言@x变调@x研究@x英文
690    @aH17@v4
701  1 @aChen Matthew Y.@4著
702  0 @a王嘉龄@AWang Jia Ling@4导读
801  0 @aCN@bTAOJIN@c20070802
905    @a10447@dH17@e106
    
    汉语方言的连续变调模式:英文版/Matthew Y.Chen著/王嘉龄导读.-北京:外语教学与研究出版社,2004
    46,563页;23cm.-(当代国外语言学与应用语言学文库)
    
    
    ISBN 7-5600-2387-8:CNY49.90
    本书共十一章,介绍了汉语声调的一些不同的表达式和汉语声调的类型,变调过程的实施和变调过程之间的交互作用,连续变调的辖域问题等内容。
●
相关链接 在E读中查询图书 在五车中查询图书 在当当中查询图书 在豆瓣中查询图书


正题名:汉语方言的连续变调模式     索取号:H17/106         预约/预借

序号 登录号 条形码 馆藏地/架位号 状态 备注
1 0826823   208268239   第二样本阅览室/ [索取号:H17/106] 在馆    
2 0826824   208268248   第四借阅区/ [索取号:H17/106] 在馆    
3 0826825   208268257   第四借阅区/ [索取号:H17/106] 在馆    
4 0826826   208268266   第四借阅区/ [索取号:H17/106] 在馆    
5 0826827   208268275   第四借阅区/ [索取号:H17/106] 在馆    
唐山师范学院图书馆 欢迎您!
大连网信软件有限公司© 版权所有